| 000 | 00324 a2200133 4500 | ||
|---|---|---|---|
| 020 | _a0007154917 | ||
| 040 |
_aDLC _bDLC |
||
| 082 | _a823.912 | ||
| 100 | _aChristie, Agatha | ||
| 245 |
_aOrdeal by innocence _cAgatha Christie |
||
| 260 |
_aLondon, _bCollins, _c1958. |
||
| 300 | _a 352 p. ; 20 cm. | ||
| 942 |
_cBK _k823.912 CHR _2ddc |
||
| 999 |
_c4921 _d4921 |
||